000
00302nam a22001337a 4500
020
_a
9789251059814
040
_c
HS
082
_a
572.420 2008
110
_a
FAO
245
_a
Guide to laboratory establishment for plant nutrient analysis
260
_a
Rome
_b
FAO
_c
2008
300
_a
204p.
942
_c
EK
999
_c
8360
_d
8360